Het is een nacht - Statistics

General Stats
  • This quiz has been taken 5 times
  • The average score is 15 of 23
Answer Stats
Answer % Correct
bed
100%
fles
100%
kledingstukken
100%
radio
100%
sigaret
100%
stad
100%
wijn
100%
film
75%
hotel
75%
leven
75%
licht
75%
dag
50%
lied
50%
ramen
50%
reis
50%
scene
50%
vloer
50%
wereld
50%
woorden
50%
zin
50%
plafond
25%
scherming
25%
uur
25%
No matching quizzes found
Score Distribution
Percent of People with Each Score
Percentile by Number Answered
Your Score History
You have not taken this quiz